000 01274cam a22003377a 4500
003 CHAP
005 20220329141943.0
008 980924d1995 mx a r 00110 spa d
010 _a76202
011 _a77174
035 _a86777
040 _cCHAP
090 _aTesis
100 0 0 _aMireles Contreras, Gilberto.
_976135
245 1 0 _aEvaluación del control químico de la roya blanca (Puccinia horiana Henn.) en crisantemo (Chrysanthemum morifolium Ramat) var. spider, en Villa Guerrero, Estado de México
_c/por Gilberto Mireles Contreras
260 _aZumpango, Méx. :
_bEl autor,
_c1995
300 _a47 h. :
_bilus. ; gráfs.
502 _aTesis (Ing. Agr. en Producción) -- UAEM. Facultad de Ciencias Agrícolas. Unidad Académica Profesional Zumpango
590 _aALEPH
_b10
_c20130110
_lUCH01
_h1425
590 _aBATCH-UPD
_b10
_c20130110
_lUCH01
_h0046
590 _aBATCH-UPD
_b10
_c20130110
_lUCH01
_h1942
590 _aCONVERSION
_b10
_c20130109
_lUCH01
_h1342
650 1 4 _aCrisantemo
_xEnfermedades.
_928949
650 1 4 _aDendranthema morifolium.
_931769
650 1 4 _aFungicidas.
_944044
650 1 4 _aPuccinia horiana.
_992827
901 _aBK
905 _aAlejandra Carrasco M.
942 _cTESIS
949 _bBC
_cTES
_d867771
_eTS1
_h32907
_i86777
_sb
999 _c76202
_d76202